Creative Christian communication (Record no. 2885)

MARC details
000 -LEADER
fixed length control field 00732cam a22002531 4500
001 - CONTROL NUMBER
control field 8461539
003 - CONTROL NUMBER IDENTIFIER
control field GBCCL
005 - DATE AND TIME OF LATEST TRANSACTION
control field 20241126110442.0
008 - FIXED-LENGTH DATA ELEMENTS--GENERAL INFORMATION
fixed length control field 750430s1965 xx 000 0 eng
010 ## -
-- 65023047
035 ## - SYSTEM CONTROL NUMBER
System control number (OCoLC)1305217
040 ## - CATALOGING SOURCE
Original cataloging agency DLC
Transcribing agency ODaTS
Modifying agency DLC
042 ## -
-- premarc
050 00 -
-- BV4319
-- .L4
082 ## - DEWEY DECIMAL CLASSIFICATION NUMBER
Classification number 250
Item number LES
100 1# - MAIN ENTRY--PERSONAL NAME
Personal name Lesch, Gomer R.
9 (RLIN) 6046
245 10 - TITLE STATEMENT
Title Creative Christian communication
Statement of responsibility, etc. [by] Gomer R. Lesch.
260 ## - PUBLICATION, DISTRIBUTION, ETC.
Place of publication, distribution, etc. Nashville,
Name of publisher, distributor, etc. Broadman Press,
Date of publication, distribution, etc. [1965].
300 ## - PHYSICAL DESCRIPTION
Extent 128 p.,
Dimensions 20 cm.
504 ## - BIBLIOGRAPHY, ETC. NOTE
Bibliography, etc. note Bibliography: p. 127-128.
650 #0 - SUBJECT ADDED ENTRY--TOPICAL TERM
Topical term or geographic name entry element Communication
General subdivision Religious aspects
-- Christianity.
9 (RLIN) 1427
906 ## - LOCAL DATA ELEMENT F, LDF (RLIN)
a 7
b cbc
c oclcrpl
d u
e ncip
f 19
g y-gencatlg
942 ## - ADDED ENTRY ELEMENTS (KOHA)
Source of classification or shelving scheme Dewey Decimal Classification
Koha item type Books
Koha issues (borrowed), all copies 1
Holdings
Withdrawn status Lost status Source of classification or shelving scheme Damaged status Not for loan Home library Current Library Shelving location Date acquired Total checkouts Full call number Barcode Date last seen Copy number Price effective from Koha item type Date last checked out
    Dewey Decimal Classification     GRACE BIBLE COLLEGE GRACE BIBLE COLLEGE Ministry & Mission 2017-10-05   250 LES 008534 2025-05-01 c.1 2017-10-05 Books  
    Dewey Decimal Classification     GRACE BIBLE COLLEGE GRACE BIBLE COLLEGE Ministry & Mission 2017-10-09 1 250 LES 008536 2025-05-01 c.2 2017-10-09 Books 2024-02-17
© Grace Bible College Library 2025